Gran crónica de la segunda guerra mundial : tomo 2 /

Guardado en:
Formato: Libro
Publicado: España : Seleccones del Reader's Digest, 1965
Edición:2a. ed.
Materias:
Etiquetas: Agregar Etiqueta
Sin Etiquetas, Sea el primero en etiquetar este registro!
LEADER 00522nam a22001695a 4500
001 CEM.cems007320
005 20060214000000.0
008 130507s1965##################000#0#####d
003 CEMS
082 0 4 |a 940.53 
245 0 0 |a Gran crónica de la segunda guerra mundial :  |b tomo 2 / 
250 |a 2a. ed. 
260 |a España :  |b Seleccones del Reader's Digest,  |c 1965 
300 |a 455 p. 
653 |a Historia moderna y contemporan 
653 |a Segunda guerra mundial 
859 |a CEMS  |b BIB. CEMS - 11 de abril  |h 940.53  |i Se48/2  |p 17149.93  |t Ej.1